Statistics for Top 50 Most Powerful Countries

Click here to take the quiz!

General Stats

  • This quiz has been taken 144 times
  • The average score is 41 of 50

Answer Stats

Country% Correct
United States
98%
China
97%
Russia
97%
United Kingdom
97%
France
94%
Germany
94%
South Korea
94%
Canada
93%
India
93%
Japan
93%
Italy
92%
Spain
92%
Iran
91%
Argentina
89%
Mexico
89%
Sweden
88%
Australia
87%
Brazil
87%
Egypt
87%
Poland
87%
Saudi Arabia
87%
South Africa
85%
Ukraine
85%
Indonesia
84%
Norway
84%
Pakistan
84%
Turkey
84%
Colombia
83%
Greece
83%
Netherlands
82%
North Korea
82%
Thailand
80%
Vietnam
80%
Algeria
78%
Finland
78%
Israel
78%
Chile
77%
Denmark
77%
Nigeria
77%
United Arab Emirates
77%
Peru
76%
Malaysia
74%
Switzerland
72%
Morocco
71%
Taiwan
70%
Philippines
64%
Qatar
64%
Singapore
63%
Belarus
56%
Czech Republic
53%

Score Distribution

Percentile by Number Answered

Percent of People with Each Score

Your Score History

You have not taken this quiz